LEADER 03096 am 2200457 n 450 001 9910495758403321 005 20190101 010 $a2-37546-082-0 024 7 $a10.4000/books.pressesenssib.8502 035 $a(CKB)4100000008413492 035 $z(PPN)236939963 035 $a(FrMaCLE)OB-pressesenssib-8502 035 $a(oapen)https://directory.doabooks.org/handle/20.500.12854/85728 035 $a(PPN)267946848 035 $a(EXLCZ)994100000008413492 100 $a20190603j|||||||| ||| 0 101 0 $afre 135 $auu||||||m|||| 181 $ctxt$2rdacontent 182 $cc$2rdamedia 183 $acr$2rdacarrier 200 10$aPublier la bande dessinée $eles éditeurs franco-belges et l?album, 1950-1990 /$fSylvain Lesage 210 $aVilleurbanne $cPresses de l?enssib$d2019 215 $a1 online resource (424 p.) 225 1 $aPapiers 311 $a979-1-0912-8190-4 330 $aCe livre retrace l'adoption progressive de l'album comme standard de publication de la bande dessinée en Belgique et en France dans la seconde moitié du XXe siècle. En se fondant sur un dépouillement approfondi des archives d?éditeurs et sur une connaissance intime des évolutions esthétiques de la bande dessinée, Sylvain Lesage étudie comment cette forme de publication affecte les manières de créer, de transmettre et de recevoir la bande dessinée. Maître de conférences en histoire contemporaine à l?université de Lille, Sylvain Lesage mène des recherches à la croisée de l?histoire culturelle de la bande dessinée, d?une histoire sociale des mondes du livre, d?une poétique historique des supports et des formes visuelles de l?histoire. Ce livre retrace l'adoption progressive de l'album comme standard de publication de la bande dessinée en Belgique et en France dans la seconde moitié du XXe siècle. En se fondant sur un dépouillement approfondi des archives d?éditeurs et sur une connaissance intime des évolutions esthétiques de la bande dessinée, Sylvain Lesage étudie comment cette forme de publication affecte les manières de créer, de transmettre et de recevoir la bande dessinée. Maître de conférences en histoire contemporaine à l?université de Lille, Sylvain Lesage mène des recherches à la croisée de l?histoire culturelle de la bande dessinée, d?une histoire sociale des mondes du livre, d?une poétique historique des supports et des formes visuelles de l?histoire. 606 $aComic books, strips, etc$xPublishing$zFrance$xHistory$y20th century 606 $aComic books, strips, etc$xPublishing$zBelgium$xHistory$y20th century 610 $abande dessinée 610 $apratiques de lecture 610 $aéconomie du livre 610 $ahistoire culturelle 615 0$aComic books, strips, etc$xPublishing$xHistory 615 0$aComic books, strips, etc$xPublishing$xHistory 700 $aLesage$b Sylvain$01248408 801 0$bFR-FrMaCLE 906 $aBOOK 912 $a9910495758403321 996 $aPublier la bande dessine?e$92893478 997 $aUNINA LEADER 03063nam 2200601 450 001 9910813781403321 005 20230803195012.0 010 $a1-118-67992-X 010 $a1-118-67991-1 035 $a(CKB)2670000000493667 035 $a(EBL)1569025 035 $a(SSID)ssj0001152653 035 $a(PQKBManifestationID)11640934 035 $a(PQKBTitleCode)TC0001152653 035 $a(PQKBWorkID)11148694 035 $a(PQKB)10512064 035 $a(MiAaPQ)EBC1569025 035 $a(JP-MeL)3000045846 035 $a(Au-PeEL)EBL1569025 035 $a(CaPaEBR)ebr10812059 035 $a(CaONFJC)MIL576411 035 $a(OCoLC)864909369 035 $a(EXLCZ)992670000000493667 100 $a20131210d2014 uy 0 101 0 $aeng 135 $aur|n|---||||| 181 $ctxt 182 $cc 183 $acr 200 10$aAnswering tough interview questions for dummies /$fby Rob Yeung 205 $aSecond edition. 210 1$aChichester, England :$cWiley,$d2014. 210 4$d©2014 215 $a1 online resource (323 p.) 225 0$a--For dummies 300 $a"Making Everything Easier!"--Cover. 300 $aIncludes index. 311 $a1-118-67994-6 327 $aUnderstanding the interview game -- Doing your job interview homework -- Polishing your interview performance -- Talking about yourself -- Talking about problems, perceptions and people -- Getting to grips with questions about your work -- Talking about why you want a new job -- Thriving under the pressure interview -- Succeeding at competency-based interviewing -- Responding to questions for graduate and school leavers -- Handling question aimed at experienced candidates -- Handing hypothetical and analytical questions -- Coping with illegal and personal questions -- Taking control in unusual situations -- Asking great questions dotting the ?I?s and crossing ?t?s -- Ten cardinal sins of interviewing -- Ten steps to delivering a great interview -- Ten top tips for projecting a confident you -- Ten ways to troubleshoot your job search. 330 $aA guide to stunning your interviewer with perfect answers to stumping questions In today's competitive job market, a stellar interview lends you an edge over the competition, which can make or break your chances at a new career. Answering Tough Interview Questions For Dummies, 2nd Edition teaches you how to perform professionally and productively under stressful interview conditions. With this handy guide, you'll learn to breeze through tricky questions and accentuate your most impressive qualities. This updated second edition features a ten-step guide to having a great i 606 $aEmployment interviewing 606 $aJob hunting 615 0$aEmployment interviewing. 615 0$aJob hunting. 676 $a650.14 700 $aYeung$b Rob$0870578 801 0$bMiAaPQ 801 1$bMiAaPQ 801 2$bMiAaPQ 906 $aBOOK 912 $a9910813781403321 996 $aAnswering tough interview questions$92312913 997 $aUNINA